| 000 | 01632nam a2200277 i 4500 | ||
|---|---|---|---|
| 001 | 000046406 | ||
| 003 | DO-SdBNP | ||
| 005 | 20260212092730.0 | ||
| 007 | ta | ||
| 008 | 150810s2001 dr 000 0 spa d | ||
| 020 | _z9993410020 | ||
| 040 |
_aDO-SdBNP _bspa _cBNPHU _erda |
||
| 041 | _aspa | ||
| 082 | 4 |
_axxx _bxxx _222 |
|
| 245 | 0 | 0 |
_aMadres, maestras y militantes dominicanas (fundadoras) : _bensayos selectos / _cselección y prólogo, Daisy Cocco De Filippis. |
| 264 | 1 |
_aSanto Domingo : _bEditora Búho, _c2001. |
|
| 300 |
_a260 páginas ; _c23 cm. |
||
| 336 |
_atexto _btxt _2rdacontent |
||
| 337 |
_asin mediación _bn _2rdamedia |
||
| 338 |
_avolumen _bnc _2rdacarrier |
||
| 500 | _aIncluye datos biográficos del autor en las solapas. | ||
| 505 | 0 |
_aHistoria de una mujer / _rManuela Aybar -- _tApuntes para la historia de Santo Domingo / _rRosa Duarte -- _tMonseñor de Meriño / _rAmelia Francasci -- _tDiscursos y páginas literarias / _rMercedes Laura Aguiar -- _tEl niño y lo que a él debemos / _rMaría Josefa Gómez -- _tPor la salvación de la infancia / _rPetronila Angélica Gómez -- _tFeminismo / _tLa mujer y la cultura / _rCamila Henríquez Ureña -- _tIdeario feminsta / _rAbigail Mejía Soliere -- _tLa isla madre / _rFlérida de Nolasco -- _tDiscursos / _rErcilia Pepín -- _tGranos de polen / _rEvangelina Rodríguez -- _tDiscursos y cartas / _rSalomé Ureña de Henríquez -- _tHistoria del feminismo dominicano / _rLivia Veloz -- _tSentido de la civilización y la mujer nueva / _rDelia Weber. |
|
| 590 | _aInventariado, 2026/BT | ||
| 700 | 1 |
_aCocco-De Filippis, Daisy, _d1949- _eprologuista _4pr. _92539 |
|
| 942 |
_2ddc _cLBS1 |
||
| 999 |
_c45895 _d45895 |
||